000 00507nam a2200193Ia 4500
003 GCL
008 140319s9999 xx 000 0 eng d
040 _aGCL /
_cGCL
082 0 4 _a956.45
_bE K
100 1 _aEDBURY, PETER W.
245 1 0 _aTHE KINGDOM OF CYPRUS AND THE CRUSADES, 1191-1374 /
_cEDBURY, PETER W.
260 _a[S.N] :
_bCAMLRIDGE UNIVERSITY PRESS ،
_c1991
300 _a225
650 0 4 _aHISTORY
650 0 4 _aMIDDLE EAST
650 0 4 _aCYPRUS
650 0 4 _aCRUSADES
942 _2ddc
_cBK
999 _c17443
_d17443